LIBRARY & INFORMATION CENTRE, KCAET, TAVANUR

ONLINE PUBLIC ACCESS CATALOGUE (OPAC)

Agricultural economics and rural development / (Record no. 1764)

MARC details
000 -LEADER
fixed length control field 00548cam a2200217ua 4500
041 ## - LANGUAGE CODE
Language code of text/sound track or separate title eng
082 ## - DEWEY DECIMAL CLASSIFICATION NUMBER
Classification number 630.33
Item number TYA/AG
100 ## - MAIN ENTRY--AUTHOR NAME
Personal name Tyagi, B.P .
245 ## - TITLE STATEMENT
Title Agricultural economics and rural development /
250 ## - EDITION STATEMENT
Edition statement 5 /
260 ## - PUBLICATION, DISTRIBUTION, ETC. (IMPRINT)
Place of publication Meerut :
Name of publisher Jai Prakashnath and co. ,
Year of publication 1996.
300 ## - PHYSICAL DESCRIPTION
Number of Pages 895 :
Other physical details ` ; .
500 ## - GENERAL NOTE
General note 19010-Scheme
942 ## - ADDED ENTRY ELEMENTS (KOHA)
Koha item type Books
Holdings
Withdrawn status Lost status Damaged status Home library Current library Date acquired Full call number Accession Number Koha item type Shelving location
      KAUAET KAUAET 07/04/2012 630.33 19403 Books  
      KAUAET KAUAET 07/04/2012 630.33 19500 Books  
      KAUAET KAUAET 07/04/2012 630.33 19010 Book Bank scheme for SC students Scheme
free website counter